[Event "Northumbria Masters"]
[Site "Newcastle upon Tyne, ENG"]
[Date "2019.08.23"]
[Round "1.2"]
[White "Pruijssers, Roeland"]
[Black "Hutchinson, Paul A"]
[Result "1/2-1/2"]
[WhiteElo "2534"]
[BlackElo "2177"]
[PlyCount "90"]
[EventDate "2019.08.23"]
[EventRounds "9"]
[EventCountry "ENG"]
[SourceTitle "BritBase"]
[Source "John Saunders"]
[SourceDate "2021.08.31"]
[SourceVersion "1"]
[SourceVersionDate "2021.08.31"]
[SourceQuality "1"]

1. e4 d5 2. exd5 Qxd5 3. Nc3 Qa5 4. d4 Nf6 5. Nf3 Bf5 6. Ne5 c6 7. Bc4 e6 8. g4
Be4 9. f3 Bd5 10. Bd3 Nbd7 11. Nxd7 Nxd7 12. Bd2 Qd8 13. Qe2 Qh4+ 14. Qf2 Be7
15. Nxd5 cxd5 16. Qxh4 Bxh4+ 17. Ke2 Bf6 18. c3 O-O-O 19. f4 g6 20. Rag1 h5 21.
f5 gxf5 22. gxf5 e5 23. Be3 Rde8 24. Kd2 exd4 25. cxd4 Nb8 26. Rc1+ Nc6 27. Bb5
Kc7 28. Bxc6 bxc6 29. Rc3 Kb7 30. Rb3+ Ka8 31. Rc1 Rc8 32. Rbc3 Kb7 33. Rb3+
Ka8 34. Rbc3 Kb7 35. Kd3 Rhe8 36. R1c2 Re4 37. Rb3+ Ka8 38. Rf2 Ree8 39. h3 Rg8
40. Bf4 Rge8 41. Bd6 Re4 42. Rf4 Rd8 43. Bc7 Rc8 44. Bd6 Rd8 45. Bc7 Rc8
1/2-1/2

[Event "Northumbria Masters"]
[Site "Newcastle upon Tyne, ENG"]
[Date "2019.08.23"]
[Round "1.3"]
[White "French, Max"]
[Black "Tan, Justin"]
[Result "0-1"]
[WhiteElo "2172"]
[BlackElo "2503"]
[PlyCount "70"]
[EventDate "2019.08.23"]
[EventRounds "9"]
[EventCountry "ENG"]
[SourceTitle "BritBase"]
[Source "John Saunders"]
[SourceDate "2021.08.31"]
[SourceVersion "1"]
[SourceVersionDate "2021.08.31"]
[SourceQuality "1"]

1. d4 Nf6 2. c4 e6 3. Nc3 Bb4 4. e3 O-O 5. Bd3 c5 6. Nf3 d5 7. O-O dxc4 8. Bxc4
Bd7 9. a3 cxd4 10. Ne2 Be7 11. exd4 Bc6 12. Ne5 Bd5 13. Bxd5 Nxd5 14. Qb3 Qb6
15. Qg3 f5 16. Rd1 Bf6 17. b4 Nc6 18. Nd7 Qb5 19. Bh6 Rf7 20. Nc3 Bh4 21. Nf6+
Nxf6 22. Qxh4 Qb6 23. Bg5 Nd5 24. Na4 Qc7 25. Nc5 Re8 26. Rac1 a6 27. Qg3 f4
28. Qg4 Rf5 29. Bh6 Qf7 30. Nxb7 Qxb7 31. Rxc6 Rf6 32. Qxg7+ Qxg7 33. Bxg7 Kxg7
34. Rxa6 Rc8 35. b5 Nc3 0-1

[Event "Northumbria Masters"]
[Site "Newcastle upon Tyne, ENG"]
[Date "2019.08.23"]
[Round "1.4"]
[White "Gormally, Daniel W"]
[Black "Holland, Christopher"]
[Result "1-0"]
[WhiteElo "2495"]
[BlackElo "2143"]
[PlyCount "73"]
[EventDate "2019.08.23"]
[EventRounds "9"]
[EventCountry "ENG"]
[SourceTitle "BritBase"]
[Source "John Saunders"]
[SourceDate "2021.08.31"]
[SourceVersion "1"]
[SourceVersionDate "2021.08.31"]
[SourceQuality "1"]

1. d4 Nf6 2. Nf3 g6 3. g3 Bg7 4. Bg2 O-O 5. O-O d6 6. Nc3 c6 7. e4 Qc7 8. Bf4
Nh5 9. Be3 e5 10. h3 Re8 11. a4 a5 12. Re1 Na6 13. Qd2 Bf8 14. Rad1 f6 15. Nh2
Be6 16. g4 Ng7 17. f4 exf4 18. Bxf4 Bf7 19. Kh1 Ne6 20. Bg3 Rad8 21. Rf1 Qe7
22. d5 Nec5 23. g5 fxg5 24. Ng4 Bg7 25. dxc6 h5 26. Nd5 Bxd5 27. Qxd5+ Qe6 28.
Nf6+ Bxf6 29. Rxf6 Qxd5 30. exd5 bxc6 31. Rxg6+ Kh7 32. Rxg5 cxd5 33. Rdxd5
Nxa4 34. Rxh5+ Kg6 35. Rdg5+ Kf6 36. Bh4 Ke6 37. Rh6+ 1-0

[Event "Northumbria Masters"]
[Site "Newcastle upon Tyne, ENG"]
[Date "2019.08.23"]
[Round "1.5"]
[White "Kanyamarala, Tarun"]
[Black "Adair, James R"]
[Result "0-1"]
[WhiteElo "2142"]
[BlackElo "2473"]
[PlyCount "96"]
[EventDate "2019.08.23"]
[EventRounds "9"]
[EventCountry "ENG"]
[SourceTitle "BritBase"]
[Source "John Saunders"]
[SourceDate "2021.08.31"]
[SourceVersion "1"]
[SourceVersionDate "2021.08.31"]
[SourceQuality "1"]

1. d4 Nf6 2. c4 e6 3. Nc3 Bb4 4. g3 O-O 5. Bg2 Bxc3+ 6. bxc3 d6 7. Nf3 Nc6 8.
Qd3 e5 9. Nd2 Nd7 10. e4 b6 11. O-O Ba6 12. f4 Na5 13. Bh3 Re8 14. Ba3 c5 15.
Rf2 Re7 16. Bf1 Rc8 17. Rc1 Qe8 18. Bb2 Nf8 19. Bh3 Rd8 20. Bf1 Rc7 21. Qe3 Qa4
22. Nf3 exf4 23. gxf4 Bxc4 24. Bh3 Qxa2 25. Kh1 Re8 26. Rg1 Bd5 27. f5 f6 28.
Ba1 Qa4 29. Qf4 Rxe4 30. Qxd6 Qc6 31. Qxc6 Rxc6 32. Bg2 Rf4 33. Ne5 Bxg2+ 34.
Rfxg2 Rc7 35. Ng4 Kf7 36. Nh6+ Ke8 37. Re1+ Kd8 38. Rge2 gxh6 39. Re8+ Kd7 40.
Rxf8 Rxf5 41. dxc5 bxc5 42. c4 Nxc4 43. Bxf6 Kc6 44. Re6+ Kd5 45. Ra6 Rc6 46.
Rd8+ Nd6 47. Rxc6 Kxc6 48. Be7 Rd5 0-1

[Event "Northumbria Masters"]
[Site "Newcastle upon Tyne, ENG"]
[Date "2019.08.23"]
[Round "1.7"]
[White "Burrows, Martin P"]
[Black "Merry, Alan B"]
[Result "0-1"]
[WhiteElo "2121"]
[BlackElo "2427"]
[PlyCount "78"]
[EventDate "2019.08.23"]
[EventRounds "9"]
[EventCountry "ENG"]
[SourceTitle "BritBase"]
[Source "John Saunders"]
[SourceDate "2021.08.31"]
[SourceVersion "1"]
[SourceVersionDate "2021.08.31"]
[SourceQuality "1"]

1. e4 e6 2. d4 d5 3. Nc3 Bb4 4. e5 c5 5. a3 Bxc3+ 6. bxc3 Qa5 7. Bd2 Qa4 8. h4
Nc6 9. h5 h6 10. Nf3 Nge7 11. Rh4 c4 12. Rf4 Rf8 13. Nh4 Bd7 14. Ra2 f6 15.
exf6 gxf6 16. Qf3 Qb5 17. Ra1 Qb2 18. Rc1 f5 19. Qd1 Qxa3 20. Rf3 e5 21. dxe5
Nxe5 22. Re3 Ng4 23. Re2 O-O-O 24. Ra1 Qc5 25. Bf4 Nc6 26. f3 Nf6 27. Bxh6 Rg8
28. Be3 Qd6 29. h6 Nh5 30. Qd2 f4 31. Bf2 Qxh6 32. g4 Nf6 33. Ng2 Qh1 34. Qxf4
Rdf8 35. Bc5 Nh5 36. Qxf8+ Rxf8 37. Bxf8 Ng3 38. Bd6 Qxf1+ 39. Kd2 Qxe2+ 0-1

[Event "Northumbria Masters"]
[Site "Newcastle upon Tyne, ENG"]
[Date "2019.08.23"]
[Round "1.8"]
[White "Raetsky, Alexander"]
[Black "Brett, Andrew R"]
[Result "1-0"]
[WhiteElo "2404"]
[BlackElo "2118"]
[PlyCount "76"]
[EventDate "2019.08.23"]
[EventRounds "9"]
[EventCountry "ENG"]
[SourceTitle "BritBase"]
[Source "John Saunders"]
[SourceDate "2021.08.31"]
[SourceVersion "1"]
[SourceVersionDate "2021.08.31"]
[SourceQuality "1"]

1. d4 Nf6 2. Nc3 d5 3. Bg5 e6 4. e4 dxe4 5. Nxe4 Bb4+ 6. c3 Be7 7. Bxf6 gxf6 8.
Nf3 b6 9. Bb5+ c6 10. Bd3 Bb7 11. Qe2 Nd7 12. O-O Qc7 13. b4 a5 14. a3 Qf4 15.
Rab1 O-O 16. Rfe1 Rfe8 17. Ned2 axb4 18. axb4 Ra2 19. Bc4 Raa8 20. Qd3 Nf8 21.
Ne4 Rad8 22. Qc2 f5 23. Ned2 Ng6 24. Re3 Kh8 25. Bf1 Bf6 26. Nc4 Qc7 27. Nfe5
c5 28. Nxg6+ fxg6 29. dxc5 bxc5 30. b5 Bd5 31. b6 Qb8 32. Qa4 Re7 33. Qa5 Bxc4
34. Bxc4 e5 35. Qxc5 Red7 36. Ree1 e4 37. Be6 Rd6 {scoresheets unreadable} 38.
Ba2 Rd2 1-0

[Event "Northumbria Masters"]
[Site "Newcastle upon Tyne, ENG"]
[Date "2019.08.23"]
[Round "1.9"]
[White "Lam, Paul G M"]
[Black "Eggleston, David J"]
[Result "0-1"]
[WhiteElo "2118"]
[BlackElo "2403"]
[PlyCount "82"]
[EventDate "2019.08.23"]
[EventRounds "9"]
[EventCountry "ENG"]
[SourceTitle "BritBase"]
[Source "John Saunders"]
[SourceDate "2021.08.31"]
[SourceVersion "1"]
[SourceVersionDate "2021.08.31"]
[SourceQuality "1"]

1. e4 e6 2. Nf3 d5 3. e5 c5 4. b4 cxb4 5. a3 bxa3 6. c3 Nc6 7. d4 Bd7 8. Bxa3
Bxa3 9. Nxa3 a6 10. Bd3 Nge7 11. O-O Nf5 12. Bxf5 exf5 13. Qb3 Bc8 14. Nb5 O-O
15. Nd6 Ne7 16. Rfb1 b5 17. Qc2 Be6 18. Nb7 Qb6 19. Nc5 h6 20. h4 Rfb8 21. Qd2
a5 22. h5 Qc6 23. Qf4 Qc8 24. Kh1 b4 25. cxb4 Rxb4 26. Rc1 Qe8 27. Rg1 a4 28.
g4 fxg4 29. Nh2 Kh8 30. Nxg4 Nf5 31. Rad1 Qe7 32. Ne3 Qh4+ 33. Qxh4 Nxh4 34.
Rg3 a3 35. Nc2 Rb2 36. Nxa3 Rxf2 37. Kg1 Rf3 38. Rd3 Rxg3+ 39. Rxg3 Nf5 40. Rd3
Nxd4 41. Nb7 Nc6 0-1

[Event "Northumbria Masters"]
[Site "Newcastle upon Tyne, ENG"]
[Date "2019.08.23"]
[Round "1.11"]
[White "Ratnesan, Ranesh"]
[Black "Gourlay, Iain"]
[Result "1/2-1/2"]
[WhiteElo "2098"]
[BlackElo "2345"]
[PlyCount "79"]
[EventDate "2019.08.23"]
[EventRounds "9"]
[EventCountry "ENG"]
[SourceTitle "BritBase"]
[Source "John Saunders"]
[SourceDate "2021.08.31"]
[SourceVersion "1"]
[SourceVersionDate "2021.08.31"]
[SourceQuality "1"]

1. d4 d5 2. c4 c6 3. Nf3 Nf6 4. Nc3 dxc4 5. a4 Bf5 6. e3 e6 7. a5 Bb4 8. Qa4
Qe7 9. Bxc4 O-O 10. O-O h6 11. Bd2 c5 12. d5 Bxc3 13. d6 Qxd6 14. Bxc3 Ne4 15.
Be5 Qe7 16. Bd3 Nd2 17. Bxf5 exf5 18. Nxd2 Qxe5 19. Nc4 Qc7 20. Rfd1 Nc6 21.
Qb5 Rfd8 22. Qxc5 g6 23. h4 Qe7 24. Qxe7 Nxe7 25. Rd6 Rac8 26. Rad1 Rxd6 27.
Nxd6 Rd8 28. Rd4 Rb8 29. b4 Nc6 30. Rc4 a6 31. Nxb7 Rxb7 32. Rxc6 Rxb4 33. Rxa6
Ra4 34. h5 g5 35. f3 Kg7 36. g3 Ra2 37. Kf1 g4 38. fxg4 fxg4 39. Ra8 Rh2 40. a6
1/2-1/2

[Event "Northumbria Masters"]
[Site "Newcastle upon Tyne, ENG"]
[Date "2019.08.23"]
[Round "1.12"]
[White "Fitzsimons, David"]
[Black "Munshi, Aditya"]
[Result "0-1"]
[WhiteElo "2317"]
[BlackElo "2091"]
[PlyCount "114"]
[EventDate "2019.08.23"]
[EventRounds "9"]
[EventCountry "ENG"]
[SourceTitle "BritBase"]
[Source "John Saunders"]
[SourceDate "2021.08.31"]
[SourceVersion "1"]
[SourceVersionDate "2021.08.31"]
[SourceQuality "1"]

1. e4 c6 2. d4 d5 3. exd5 cxd5 4. c3 Nc6 5. Bd3 Nf6 6. Bf4 Bg4 7. Qb3 Qd7 8.
Nd2 e6 9. Ngf3 Bxf3 10. Nxf3 Bd6 11. Bd2 O-O 12. Qc2 Rfc8 13. a3 h6 14. O-O Qc7
15. g3 Na5 16. Rae1 Nc4 17. Qc1 Qb6 18. Bxh6 Qxb2 19. Qg5 Bf8 20. Ne5 Qxc3 21.
Re3 Qxd4 22. Bxc4 dxc4 23. Rf3 Rc5 24. Re1 Ne4 25. Qf4 Rxe5 26. Qxf7+ Kh8 27.
Qxb7 Rf5 28. Bxg7+ Qxg7 29. Qxa8 Rxf3 30. Rxe4 Rf7 31. Rxc4 Qa1+ 32. Kg2 Qf6
33. Rf4 Qe7 34. Rh4+ Kg8 35. Rg4+ Rg7 36. Rb4 Qd7 37. Qb8 Qd5+ 38. Kg1 Qd1+ 39.
Kg2 Qd5+ 40. Kg1 Qd6 41. Qe8 Qd1+ 42. Kg2 Qd5+ 43. Kg1 Qd1+ 44. Kg2 Rf7 45. f4
Kg7 46. Rb8 Qd5+ 47. Kh3 Qh5+ 48. Kg2 Qe2+ 49. Kh3 Qf1+ 50. Kg4 Qe2+ 51. Kh3
Kg8 52. Kh4 Qxh2+ 53. Kg4 Rg7+ 54. Kf3 Rxg3+ 55. Ke4 Qe2+ 56. Kd4 Rd3+ 57. Kc4
Rd8+ 0-1

[Event "Northumbria Masters"]
[Site "Newcastle upon Tyne, ENG"]
[Date "2019.08.23"]
[Round "1.13"]
[White "Shaw, Peter"]
[Black "Welling, Gerard"]
[Result "0-1"]
[WhiteElo "2076"]
[BlackElo "2307"]
[PlyCount "102"]
[EventDate "2019.08.23"]
[EventRounds "9"]
[EventCountry "ENG"]
[SourceTitle "BritBase"]
[Source "John Saunders"]
[SourceDate "2021.08.31"]
[SourceVersion "1"]
[SourceVersionDate "2021.08.31"]
[SourceQuality "1"]

1. d4 d6 2. Nf3 Nf6 3. c4 Nbd7 4. Nc3 e5 5. e4 Be7 6. g3 O-O 7. Bg2 a6 8. a4 a5
9. O-O exd4 10. Nxd4 Nc5 11. b3 Re8 12. Qc2 c6 13. Bb2 Qb6 14. Rad1 Bf8 15. h3
g6 16. Kh2 Bg7 17. Rfe1 h5 18. Na2 h4 19. g4 Nh7 20. Nc1 Be5+ 21. Kh1 Ng5 22.
Qd2 Nge6 23. Nf3 Bxb2 24. Qxb2 Nf8 25. Qf6 Nh7 26. Qxh4 Rxe4 27. Ng5 Nxg5 28.
Qxg5 Rxe1+ 29. Rxe1 Be6 30. f4 Qd8 31. Qxd8+ Rxd8 32. Rd1 Kf8 33. Kg1 Ke7 34.
Kf2 Kd7 35. Bf3 Kc7 36. Kg3 Rb8 37. h4 b5 38. axb5 cxb5 39. cxb5 Nxb3 40. Nxb3
Bxb3 41. Re1 Kb6 42. h5 gxh5 43. gxh5 a4 44. Ra1 Kxb5 45. f5 Kb4 46. Kf4 f6 47.
h6 Rh8 48. Rh1 a3 49. Kg4 a2 50. Kh5 Bf7+ 51. Kg4 Rxh6 0-1

[Event "Northumbria Masters"]
[Site "Newcastle upon Tyne, ENG"]
[Date "2019.08.23"]
[Round "1.14"]
[White "Mannion, Stephen R"]
[Black "Gayson, Peter M"]
[Result "1/2-1/2"]
[WhiteElo "2280"]
[BlackElo "2069"]
[PlyCount "71"]
[EventDate "2019.08.23"]
[EventRounds "9"]
[EventCountry "ENG"]
[SourceTitle "BritBase"]
[Source "John Saunders"]
[SourceDate "2021.08.31"]
[SourceVersion "1"]
[SourceVersionDate "2021.08.31"]
[SourceQuality "1"]

1. e4 c5 2. Nf3 e6 3. d4 cxd4 4. Nxd4 Nf6 5. Nc3 Nc6 6. Ndb5 Bb4 7. a3 Bxc3+ 8.
Nxc3 d5 9. exd5 exd5 10. Bd3 O-O 11. O-O d4 12. Ne2 Bg4 13. Bg5 Qd6 14. Qd2
Rfe8 15. f3 Bh5 16. Nf4 Bg6 17. Nxg6 hxg6 18. Rfe1 a6 19. Rxe8+ Rxe8 20. Re1
Rxe1+ 21. Qxe1 Ne5 22. Bxf6 gxf6 23. Qe4 Nxd3 24. Qxd3 Qf4 25. b4 Kg7 26. g3
Qc1+ 27. Kg2 b5 28. f4 Kg8 29. h4 Kg7 30. Kf2 Qh1 31. Qxd4 Qh2+ 32. Kf3 Qxc2
33. g4 Qb3+ 34. Qe3 Qd5+ 35. Kg3 Qh1 36. f5 1/2-1/2

[Event "Northumbria Masters"]
[Site "Newcastle upon Tyne, ENG"]
[Date "2019.08.23"]
[Round "1.15"]
[White "Clark, Robert G"]
[Black "Abdulla, Murad"]
[Result "0-1"]
[WhiteElo "2060"]
[BlackElo "2265"]
[PlyCount "104"]
[EventDate "2019.08.23"]
[EventRounds "9"]
[EventCountry "ENG"]
[SourceTitle "BritBase"]
[Source "John Saunders"]
[SourceDate "2021.08.31"]
[SourceVersion "1"]
[SourceVersionDate "2021.08.31"]
[SourceQuality "1"]

1. e4 c5 2. Nf3 d6 3. Bb5+ Nd7 4. c3 Ngf6 5. Qe2 e5 6. O-O a6 7. Ba4 Qc7 8. d4
g6 9. h3 Bg7 10. Bg5 Nh5 11. dxe5 dxe5 12. Rd1 b5 13. Bc2 h6 14. Be3 O-O 15. a4
Rb8 16. axb5 axb5 17. Na3 c4 18. Rd5 Qc6 19. Qd2 Nf4 20. Rd6 Qc7 21. Rd1 Nd3
22. Rd5 Nf6 23. Rxb5 Nxe4 24. Qe2 Ba6 25. Bxd3 cxd3 26. Qxd3 Rbd8 27. Qc2 Rxd1+
28. Qxd1 Bxb5 29. Nxb5 Qc6 30. Na3 Rb8 31. Qc1 Kh7 32. Nc2 f5 33. Nb4 Qb5 34.
Qc2 Rd8 35. g3 Qc4 36. Kg2 Qb5 37. h4 Qc4 38. h5 Qe6 39. hxg6+ Qxg6 40. Nh4 Qe6
41. f3 Nd6 42. g4 e4 43. Nxf5 exf3+ 44. Kxf3 Rf8 45. Ke2 Nxf5 46. gxf5 Rxf5 47.
Nd3 Kh8 48. Nf2 Rb5 49. Qd2 Qc4+ 50. Ke1 Rxb2 51. Qd3 Bxc3+ 52. Kf1 Rxf2+ 0-1

[Event "Northumbria Masters"]
[Site "Newcastle upon Tyne, ENG"]
[Date "2019.08.23"]
[Round "1.16"]
[White "Brown, Martin"]
[Black "Harari, Zaki"]
[Result "1/2-1/2"]
[WhiteElo "2265"]
[BlackElo "2042"]
[PlyCount "71"]
[EventDate "2019.08.23"]
[EventRounds "9"]
[EventCountry "ENG"]
[SourceTitle "BritBase"]
[Source "John Saunders"]
[SourceDate "2021.08.31"]
[SourceVersion "1"]
[SourceVersionDate "2021.08.31"]
[SourceQuality "1"]

1. e4 e5 2. Nf3 Nc6 3. d4 exd4 4. Nxd4 Bc5 5. Nb3 Bb6 6. Nc3 Nf6 7. Bg5 h6 8.
Bh4 g5 9. Bg3 d6 10. Bb5 Bd7 11. Qe2 Qe7 12. O-O-O O-O-O 13. Rhe1 Rhe8 14. a4
a5 15. Qd2 Nb4 16. f3 Qe6 17. Kb1 Bxb5 18. Nxb5 Qc4 19. Bf2 Bxf2 20. Qxf2 b6
21. Rd4 Qe6 22. Rxb4 axb4 23. N3d4 Qc4 24. Nc6 Kb7 25. Nxd8+ Rxd8 26. b3 Qc5
27. Qd2 Re8 28. Nd4 Nd5 29. Kb2 Nc3 30. Ne2 Qf2 31. Kc1 Na2+ 32. Kb2 Nc3 33.
Kc1 Na2+ 34. Kb2 Nc3 35. Kc1 Na2+ 36. Kb2 1/2-1/2

[Event "Northumbria Masters"]
[Site "Newcastle upon Tyne, ENG"]
[Date "2019.08.23"]
[Round "1.17"]
[White "Yoon, Jacob D"]
[Black "Storey, Charles H"]
[Result "1/2-1/2"]
[WhiteElo "1987"]
[BlackElo "2261"]
[PlyCount "122"]
[EventDate "2019.08.23"]
[EventRounds "9"]
[EventCountry "ENG"]
[SourceTitle "BritBase"]
[Source "John Saunders"]
[SourceDate "2021.08.31"]
[SourceVersion "1"]
[SourceVersionDate "2021.08.31"]
[SourceQuality "1"]

1. e4 g6 2. d4 Bg7 3. Be3 c5 4. Nc3 cxd4 5. Bxd4 Nf6 6. e5 Nh5 7. Qd2 f6 8.
exf6 Nxf6 9. O-O-O Nc6 10. Bxf6 Bxf6 11. Nd5 Bg7 12. Qf4 Be5 13. Qf3 e6 14. Ne3
Rf8 15. Qh3 Rxf2 16. Ng4 Rf7 17. Nxe5 Nxe5 18. Qc3 Qf6 19. Be2 Nc6 20. Qxf6
Rxf6 21. Nf3 d5 22. c4 dxc4 23. Bxc4 Bd7 24. Rhe1 Rc8 25. Kb1 Ke7 26. Ng5 Nd8
27. Bd3 Rf2 28. g4 h6 29. Ne4 Rxh2 30. Nc3 Be8 31. Nd5+ Kf8 32. Nf4 Rc6 33. Bb5
Rcc2 34. Rxd8 Rxb2+ 35. Kc1 Rxa2 36. Nxe6+ Kf7 37. Bxe8+ Ke7 38. Rd7+ Kxe8 39.
Nc5+ Rae2 40. Rxe2+ Rxe2 41. Rxb7 Re7 42. Rb4 Rc7 43. Rc4 Ke7 44. Kd2 Rc6 45.
Kd3 a5 46. Kd4 Rb6 47. Kc3 Rb1 48. Nb3 Rg1 49. Nxa5 Kf6 50. Kd3 Kg5 51. Ke3
Rxg4 52. Rxg4+ Kxg4 53. Kf2 Kh3 54. Kg1 g5 55. Nc4 h5 56. Ne3 h4 57. Nf5 Kg4
58. Nh6+ Kg3 59. Nf5+ Kg4 60. Nh6+ Kh5 61. Nf5 Kg4 1/2-1/2

[Event "Northumbria Masters"]
[Site "Newcastle upon Tyne, ENG"]
[Date "2019.08.23"]
[Round "1.18"]
[White "Kanyamarala, Trisha"]
[Black "Ther, Mate"]
[Result "0-1"]
[WhiteElo "2238"]
[BlackElo "1955"]
[PlyCount "146"]
[EventDate "2019.08.23"]
[EventRounds "9"]
[EventCountry "ENG"]
[SourceTitle "BritBase"]
[Source "John Saunders"]
[SourceDate "2021.08.31"]
[SourceVersion "1"]
[SourceVersionDate "2021.08.31"]
[SourceQuality "1"]

1. d4 Nf6 2. c4 e6 3. Nf3 c5 4. d5 exd5 5. cxd5 d6 6. Nc3 g6 7. e4 Bg7 8. h3
O-O 9. Bd3 Re8 10. O-O c4 11. Bc2 a6 12. a4 Nbd7 13. Nd2 Qc7 14. Qe2 Nb6 15. a5
Nbxd5 16. Nxd5 Nxd5 17. Qxc4 Qxc4 18. Nxc4 Nb4 19. Bb1 Be5 20. Ra4 Nc6 21. Nb6
Rb8 22. Rd1 Be6 23. Bc2 Red8 24. f4 Bf6 25. g4 Ne7 26. f5 gxf5 27. exf5 Bd7 28.
Re4 Bc6 29. Ree1 Bh4 30. Rf1 Bb5 31. Bd3 Bxd3 32. Rxd3 Nc6 33. Bd2 Ne5 34. Rd5
f6 35. Bb4 Nf7 36. Kg2 Bg5 37. Kg3 Be3 38. Nc4 Bc5 39. Bc3 Ng5 40. Nd2 Re8 41.
Rd3 Be3 42. Nc4 Bc5 43. Bd4 Ne4+ 44. Kg2 Bb4 45. Be3 Rbc8 46. b3 Rcd8 47. Kf3
d5 48. Nb6 d4 49. Bf4 Bxa5 50. Nc4 Nc5 51. Rdd1 Nxb3 52. Rb1 b5 53. Nxa5 Nxa5
54. Bc7 Nc4 55. Bxd8 Nd2+ 56. Kg2 Rxd8 57. Rfd1 Nxb1 58. Rxb1 d3 59. Kf2 b4 60.
Ke1 a5 61. Kd2 Kg7 62. Ra1 Rd5 63. Rc1 b3 64. Rc7+ Kf8 65. Rb7 a4 66. h4 Ra5
67. g5 a3 68. Rb8+ Ke7 69. Rb7+ Kd6 70. Rxb3 a2 71. Rxd3+ Rd5 72. gxf6 a1=Q 73.
Rxd5+ Kxd5 0-1

[Event "Northumbria Masters"]
[Site "Newcastle upon Tyne, ENG"]
[Date "2019.08.23"]
[Round "1.19"]
[White "Izod, Chris"]
[Black "Mosnegutu, Klauss"]
[Result "0-1"]
[WhiteElo "1943"]
[BlackElo "2230"]
[PlyCount "62"]
[EventDate "2019.08.23"]
[EventRounds "9"]
[EventCountry "ENG"]
[SourceTitle "BritBase"]
[Source "John Saunders"]
[SourceDate "2021.08.31"]
[SourceVersion "1"]
[SourceVersionDate "2021.08.31"]
[SourceQuality "1"]

1. d4 Nf6 2. Nf3 e6 3. c4 Bb4+ 4. Bd2 Qe7 5. Nc3 Bxc3 6. Bxc3 Ne4 7. Qc2 f5 8.
g3 b6 9. Bg2 Bb7 10. Nd2 d5 11. O-O Nd7 12. Nxe4 dxe4 13. Rad1 O-O 14. f3 Nf6
15. d5 e5 16. Kh1 Rae8 17. Bh3 Bc8 18. f4 exf4 19. gxf4 Ng4 20. Bxg4 fxg4 21.
e3 Rf5 22. Rg1 Rh5 23. Qg2 Rh3 24. Rde1 g3 25. Qxh3 Bxh3 26. Rxg3 Bf5 27. Reg1
g6 28. Rg5 Rf8 29. h4 h6 30. Rxg6+ Bxg6 31. Rxg6+ Kh7 0-1

[Event "Northumbria Masters"]
[Site "Newcastle upon Tyne, ENG"]
[Date "2019.08.23"]
[Round "1.20"]
[White "Villiers, Thomas"]
[Black "Jaufarally, Nadia"]
[Result "1-0"]
[WhiteElo "2218"]
[BlackElo "1934"]
[PlyCount "63"]
[EventDate "2019.08.23"]
[EventRounds "9"]
[EventCountry "ENG"]
[SourceTitle "BritBase"]
[Source "John Saunders"]
[SourceDate "2021.08.31"]
[SourceVersion "1"]
[SourceVersionDate "2021.08.31"]
[SourceQuality "1"]

1. e4 c5 2. Nf3 g6 3. d4 cxd4 4. Qxd4 Nf6 5. e5 Nc6 6. Qa4 Nd5 7. c4 Nb6 8. Qb3
d6 9. exd6 Qxd6 10. Be3 Qb4+ 11. Nc3 Bg7 12. Rc1 Qxb3 13. axb3 Bf5 14. Be2 O-O
15. O-O Rfd8 16. h3 Bd3 17. Bxd3 Rxd3 18. Rfd1 Rad8 19. Rxd3 Rxd3 20. Kf1 Na8
21. Ne1 Rd8 22. b4 Nxb4 23. Bxa7 Rd2 24. Na4 b6 25. Nf3 Rd7 26. Bxb6 Nxb6 27.
Nxb6 Rb7 28. c5 Nd3 29. c6 Rc7 30. Nd5 Nxc1 31. Nxc7 Kf8 32. Ne6+ 1-0

[Event "Northumbria Masters"]
[Site "Newcastle upon Tyne, ENG"]
[Date "2019.08.23"]
[Round "1.21"]
[White "Mollison, Jamie"]
[Black "Dong, Bao Nghia"]
[Result "1-0"]
[WhiteElo "1929"]
[BlackElo "2217"]
[PlyCount "65"]
[EventDate "2019.08.23"]
[EventRounds "9"]
[EventCountry "ENG"]
[SourceTitle "BritBase"]
[Source "John Saunders"]
[SourceDate "2021.08.31"]
[SourceVersion "1"]
[SourceVersionDate "2021.08.31"]
[SourceQuality "1"]

1. Nf3 d5 2. b3 a5 3. a3 Nf6 4. Bb2 h6 5. d4 Bf5 6. e3 e6 7. Bd3 Bxd3 8. Qxd3
Nbd7 9. Nbd2 c5 10. O-O a4 11. dxc5 axb3 12. Nxb3 Qc7 13. Qb5 Bxc5 14. Bxf6
gxf6 15. Nxc5 Qxc5 16. Qxb7 Rb8 17. Qa6 Qxc2 18. Rac1 Qb2 19. Rc8+ Ke7 20. Rxh8
Rxh8 21. Nd4 Ne5 22. Qa7+ Kf8 23. a4 Nc4 24. a5 Nd2 25. Rd1 Ne4 26. Rf1 Rg8 27.
Qb6 Qa2 28. a6 Kg7 29. Qb7 Nc5 30. Qc7 Qa3 31. a7 Kg6 32. Nc6 Ra8 33. Qb8 1-0

[Event "Northumbria Masters"]
[Site "Newcastle upon Tyne, ENG"]
[Date "2019.08.23"]
[Round "1.22"]
[White "Berry, Neil"]
[Black "Guha, Chirag"]
[Result "1-0"]
[WhiteElo "2207"]
[BlackElo "1876"]
[PlyCount "85"]
[EventDate "2019.08.23"]
[EventRounds "9"]
[EventCountry "ENG"]
[SourceTitle "BritBase"]
[Source "John Saunders"]
[SourceDate "2021.08.31"]
[SourceVersion "1"]
[SourceVersionDate "2021.08.31"]
[SourceQuality "1"]

1. d4 d5 2. c4 e6 3. Nf3 Nf6 4. g3 dxc4 5. Bg2 Nc6 6. Qa4 Bb4+ 7. Bd2 Bd6 8.
Qxc4 O-O 9. O-O e5 10. d5 Ne7 11. Nc3 a6 12. Bg5 b5 13. Qd3 Nd7 14. e4 Nc5 15.
Qc2 b4 16. Ne2 h6 17. Be3 Nd7 18. Nh4 Nf6 19. Nc1 Ng4 20. Bd2 f5 21. h3 Nf6 22.
Nxf5 Bxf5 23. exf5 Kh8 24. Nd3 Nfxd5 25. Nc5 Bxc5 26. Qxc5 Rb8 27. Rad1 Rb5 28.
Qc4 Nxf5 29. Bxh6 Nd4 30. Be3 Qd6 31. Bxd4 exd4 32. Rxd4 c6 33. Rc1 Qf6 34.
Rh4+ Kg8 35. Qe2 Rbb8 36. Re4 Nc7 37. Rf4 Qe6 38. Rxf8+ Rxf8 39. Qxe6+ Nxe6 40.
Rxc6 Nd4 41. Bd5+ Kh8 42. Rc4 Nf5 43. Rxb4 1-0

[Event "Northumbria Masters"]
[Site "Newcastle upon Tyne, ENG"]
[Date "2019.08.23"]
[Round "1.23"]
[White "Forster, Matthew"]
[Black "Stoyanov, Viktor"]
[Result "0-1"]
[WhiteElo "1833"]
[BlackElo "2207"]
[PlyCount "78"]
[EventDate "2019.08.23"]
[EventRounds "9"]
[EventCountry "ENG"]
[SourceTitle "BritBase"]
[Source "John Saunders"]
[SourceDate "2021.08.31"]
[SourceVersion "1"]
[SourceVersionDate "2021.08.31"]
[SourceQuality "1"]

1. c4 c5 2. g3 g6 3. Bg2 Bg7 4. Nc3 Nc6 5. a3 b6 6. e3 Bb7 7. Nge2 Qc8 8. O-O
Ne5 9. d3 Bxg2 10. Kxg2 h5 11. f4 Nc6 12. e4 Nh6 13. Rb1 d6 14. b4 O-O 15. b5
Nd4 16. Nd5 Qd7 17. f5 Ng4 18. h3 Nf6 19. Nef4 Nxd5 20. cxd5 Qe8 21. Bb2 Be5
22. Qd2 g5 23. Ne2 f6 24. Bxd4 cxd4 25. Rfc1 a6 26. Rb4 axb5 27. Qb2 Ra5 28.
Rc6 Qa8 29. Rb3 b4 30. Rxb4 Rxa3 31. Nc1 Rc3 32. Rbxb6 Qa4 33. Na2 Rxd3 34. Rb8
Rxg3+ 35. Kf2 Qd1 36. Rxf8+ Kxf8 37. Qb8+ Kg7 38. Rc8 Rf3+ 39. Kg2 Qf1# 0-1